000 00404nam a2200157Ia 4500
005 20250428145925.0
008 231217s9999 xx 000 0 und d
020 _a9780761966524
082 _a005 HAR;1 R
100 _aHardy, Melissa ed. Bryman, Alan.
245 0 _aHand book of data analysis
260 _cNULL
_bSagr Publications
_aLondon
300 _axvii+704
650 _aHand
942 _cAA
999 _c182084
_d182084